'Straight people don't tell, do they...?' : negotiating the boundaries of sexuality and gender at work

Uloženo v:
Podrobná bibliografie
Další autoři: Mustola, Kati (a cura di), Lehtonen, Jukka (a cura di)
Médium: Kniha
Jazyk:angličtina
Vydáno: Helsinki Ministry of Labour 2004
Tagy: Přidat tag
Žádné tagy, Buďte první, kdo vytvoří štítek k tomuto záznamu!

MARC

LEADER 00000nam a2200000 4500
005 20231114121131.0
008 231114b |||||||| |||| 00| 0 eng d
020 |a 9517356048 
040 |c C 
245 |a 'Straight people don't tell, do they...?'  |b : negotiating the boundaries of sexuality and gender at work 
260 |a Helsinki  |b Ministry of Labour  |c 2004 
700 |a Mustola, Kati  |c (a cura di) 
700 |a Lehtonen, Jukka  |c (a cura di) 
942 |2 ddc  |c BK  |n 0 
952 |0 0  |1 0  |2 ddc  |4 0  |6 331_133000000000000_LEH_STR  |7 1  |9 214  |a GE  |b GE  |d 2015-12-10  |l 0  |o 331.133 LEH STR  |p 2901  |r 2023-11-14 12:12:14  |w 2023-11-14  |y BK 
999 |c 177  |d 177